|
|
|
|
| LEADER |
00000ckm a2200000 a 4500 |
| 001 |
vtls001207235 |
| 003 |
SK-MaSNL |
| 005 |
20260331203150.0 |
| 007 |
kf co |
| 008 |
230718s1989 xo g 0k|slo |
| 015 |
|
|
|a SNBG1989
|
| 035 |
|
|
|a SNK000150305
|
| 035 |
|
|
|a urn:nbn:sk:snk-km3m08x
|
| 035 |
|
|
|a DC2B2A16-CA9E-4950-9D3E-128A2C88545E
|
| 035 |
|
|
|a urn:nbn:sk:snk-km00dn0f
|
| 040 |
|
|
|a SNK
|b slo
|c SNK
|e AACR2
|
| 041 |
0 |
|
|a slo
|
| 043 |
|
|
|a e-xo---
|
| 044 |
|
|
|a xo
|c SK
|
| 072 |
|
7 |
|a 913
|x Regionálna geografia
|2 konspekt
|
| 080 |
|
|
|a 913(437.6)
|2 2011
|
| 080 |
|
|
|a 792.05
|2 2011
|
| 080 |
|
|
|a 725/726.012.28
|2 2011
|
| 080 |
|
|
|a (084.121)
|2 2011
|
| 080 |
|
|
|a 908.437.671(084.121)
|2 1981
|
| 100 |
1 |
|
|a Vrbovský, František
|c (fotograf)
|4 pht
|9 283300
|
| 245 |
1 |
0 |
|a Košice
|h grafika
|b Štátne divadlo : Levočský dom : Urbanova veža : Dóm sv. Alžbety
|c foto: František Vrbovský, Jiří Dušek, František Lorenc
|
| 260 |
|
|
|a Bratislava
|b Pravda
|c 1989
|e Bratislava
|f Pravda
|
| 300 |
|
|
|a 1 pohľadnica (4 čiastkové pohľady)
|b farebná
|c 15 x 11 cm
|
| 520 |
8 |
|
|a Zobrazenie: pohľad na budovu divadla, Levočský dom, stĺporadie Urbanovej veže a Dóm sv. Alžbety
|
| 610 |
2 |
7 |
|a Štátne divadlo Košice
|2 SNKKA
|9 120184
|
| 610 |
2 |
7 |
|a Levočský dom (Košice, Slovensko)
|2 SNKKA
|9 95320
|
| 610 |
2 |
7 |
|a Dóm sv. Alžbety (Košice, Slovensko)
|2 SNKKA
|9 34070
|
| 650 |
0 |
7 |
|a Urbanova veža (Košice, Slovensko)
|2 SNKPH
|9 93847
|
| 650 |
0 |
7 |
|a divadlá
|2 SNKPH
|9 29113
|
| 650 |
0 |
7 |
|a mestské veže
|2 SNKPH
|9 173826
|
| 650 |
0 |
7 |
|a katedrály
|2 SNKPH
|9 3032
|
| 651 |
|
7 |
|a Košice (Slovensko)
|2 SNKPHgeo
|9 18694
|
| 655 |
|
7 |
|a miestne pohľadnice
|2 SNKPH
|9 70510
|
| 700 |
1 |
|
|a Dušek, Jiří,
|d 1941-
|4 pht
|9 173643
|
| 700 |
1 |
|
|a Lorenc, František
|c (fotograf)
|4 pht
|9 177742
|
| 852 |
|
|
|a Slovenská národná knižnica
|
| 954 |
|
|
|a pohľadnice pôvodné (slovenské)
|2 lita
|
| 954 |
|
|
|a pohľadnice cudzojazyčné (svetové)
|2 lita
|
| 958 |
|
|
|a GBN
|
| 958 |
|
|
|a TL
|
| 958 |
|
|
|a GC
|
| 958 |
|
|
|a OND
|
| 958 |
|
|
|a EUIPO
|
| 999 |
|
|
|c 771815
|d 773745
|
| 952 |
|
|
|a SNK
|b SNK
|y PREZ
|7 0
|p 17A1242755
|o snkSP 143347
|i snk4181/90
|0 0
|1 0
|4 0
|d 2018-07-02
|f 1
|l 0
|r 2026-02-24 00:37:49
|w 2026-02-24
|
| 952 |
|
|
|a SNK
|b SNK
|y PREZ
|7 0
|p 17A1242756
|o snkSP 143347 D1
|i snk4182/90
|0 0
|1 0
|4 0
|d 2018-07-02
|l 0
|r 2026-02-24 00:37:49
|w 2026-02-24
|